Introduccin̤ a los Procesos Orales en Materia Penal

Bibliographic Details
Main Author: Martn̕ez-Bastida, Eduardo
Format: eBook
Language:Spanish
Published: Coyoacǹ : Ral︢ Jur̀ez Carro Editorial, 2009
Edition:2a ed.
Subjects:
Online Access:http://www.vlex.com/source/7390

MARC

LEADER 00000nam a22000007a 4500
005 20130308102957.0
007 cr|||| ||||
008 130308e2009 mx |||||s|||| 00||0 spa d
035 |a 7390 
040 |a vLex 
090 |c 3866  |d 3866 
100 1 0 |a Martn̕ez-Bastida, Eduardo  
245 1 0 |a Introduccin̤ a los Procesos Orales en Materia Penal  |c / Eduardo Martn̕ez-Bastida   |h [Recurso electrn̤ico]  
250 |a 2a ed.  
256 |a Servicio en ln̕ea 
260 |a Coyoacǹ :   |b Ral︢ Jur̀ez Carro Editorial,   |c 2009 
300 |a 1 Recurso electrn̤ico 
506 |d vLex Global  |d vLex Global (Academic Edition, excluding Law Schools)  |d vLex Global (U.S. Academic Edition, Law Schools)  |d vLex Global (U.S. Academic Edition, excluding Law Schools)  |d vLex Global (Academic Edition, Law Schools) 
650 0 4 |a Procedimiento penal   |z Mx̌ico 
740 |a vLex Libros (Servicio en ln̕ea) 
856 |a Acceso restringido  |u http://www.vlex.com/source/7390 
942 |c BOOK 
999 0 |a Criminal procedure